| 000 | 00706nam a22002057a 4500 | ||
|---|---|---|---|
| 999 |
_c10397 _d10397 |
||
| 003 | AR-CdUCM | ||
| 008 | 190401b ||||| |||| 00| 0 spa d | ||
| 040 |
_aMUNICIPALIDAD PROVINCIAL DEL CUSCO _cBIBLIOTECA MUNICIPAL DEL CUSCO |
||
| 082 |
_26ed. _aES / 800 / _bB15 |
||
| 245 |
_aMiguel Ángel : _bEl Artista Terrible, su vida prodigiosa / |
||
| 260 |
_aBarcelona : _bAraluce ; _c1955. |
||
| 300 |
_a131 páginas ; _c15cm _bIlustraciones |
||
| 440 |
_aLos Grandes Hechos de los Grandes Hombres _927218 |
||
| 505 | _aContenido: Novela | ||
| 650 |
_aNovela _9572 |
||
| 650 |
_aLiteratura juvenil _91580 |
||
| 700 |
_aBaeza, José (relatada a los jóvenes) _927231 |
||
| 942 |
_2ddc _cLIBROS |
||
| 945 | _anom | ||